[Event "UTD GM Invitational"]
[Site "Richardson USA"]
[Date "2007.12.08"]
[Round "4"]
[White "Ning Chunhong"]
[Black "Izoria,Z"]
[Result "0-1"]
[WhiteElo "2354"]
[BlackElo "2643"]

1.e4 c5 2.Nf3 d6 3.Bb5+ Nd7 4.O-O a6 5.Bxd7+ Bxd7 6.d4 cxd4 7.Qxd4 e5 8.Qd3 h6
9.Nc3 Nf6 10.a4 Rc8 11.Be3 Be7 12.a5 Be6 13.Bb6 Qd7 14.Rfd1 O-O 15.Rac1 Qc6
16.Nd5 Bxd5 17.exd5 Qa4 18.Nd2 Nd7 19.b3 Qh4 20.Be3 f5 21.f3 Qh5 22.Nc4 Nf6
23.Rf1 e4 24.Qd1 exf3 25.Rxf3 Ne4 26.Qd3 Qg6 27.Rcf1 h5 28.Bd4 Bg5 29.Be3 h4
30.Bxg5 Qxg5 31.Qd4 Rce8 32.Qb6 Qg6 33.Kh1 f4 34.Qd4 Ng3+  0-1

[Event "Bundesliga 2007-8"]
[Site "Werder Bremen GER"]
[Date "2007.12.08"]
[Round "5"]
[White "Jeitz,C"]
[Black "Reeh,O"]
[Result "1/2-1/2"]
[WhiteElo "2183"]
[BlackElo "2427"]

1.e4 c5 2.Nf3 d6 3.Bb5+ Bd7 4.Bxd7+ Qxd7 5.c4 Nc6 6.Nc3 Nf6 7.d4 cxd4 8.Nxd4 e6
9.O-O Be7 10.Be3 O-O 11.f3 a6 12.Qd2 Nxd4 13.Bxd4 b5 14.cxb5 axb5 15.b3 b4
16.Na4 Qb7 17.Rac1 d5 18.e5 Nd7 19.f4 Rac8 20.h3 Rxc1 21.Rxc1 Rc8 22.Rc2 f6
23.exf6 Nxf6 24.Rxc8+ Qxc8 25.Bxf6 gxf6 26.f5 Qc6 27.fxe6 Qxe6 28.Kf1 Kf7
29.Nb2 Qf5+ 30.Ke1 Qe4+ 31.Qe2 f5 32.Nd3 Bf6 33.Kd1 Bc3 34.Qh5+ Kg7 35.Qg5+ Kf7
36.Qh5+ Kg7 37.Qg5+ Kf7  1/2-1/2

[Event "SVDB IM Norm"]
[Site "Eupen BEL"]
[Date "2007.12.09"]
[Round "3"]
[White "Ahn,M"]
[Black "Petkov,V"]
[Result "1/2-1/2"]
[WhiteElo "2309"]
[BlackElo "2508"]

1.e4 c5 2.Nf3 d6 3.Bb5+ Nc6 4.O-O Bd7 5.c3 Nf6 6.Re1 a6 7.Bxc6 Bxc6 8.d4 Bxe4
9.Bg5 Bc6 10.Bxf6 gxf6 11.d5 Bd7 12.Nbd2 Bg7 13.Nh4  1/2-1/2

[Event "Parsvnath ch-Commonwealth"]
[Site "New Delhi IND"]
[Date "2007.12.09"]
[Round "9"]
[White "Thakur,Ak"]
[Black "Dahale,A"]
[Result "1-0"]
[WhiteElo "2243"]
[BlackElo "2065"]

1.e4 c5 2.Nf3 d6 3.Bb5+ Bd7 4.Bxd7+ Qxd7 5.c4 Nc6 6.O-O Nf6 7.Nc3 g6 8.d4 cxd4
9.Nxd4 Bg7 10.Nde2 O-O 11.Bg5 Qe6 12.Bxf6 Bxf6 13.b3 a5 14.a4 Nb4 15.Rc1 Na6
16.f3 Bg7 17.Nd5 Ra7 18.Nd4 Bxd4+ 19.Qxd4 Nc5 20.Rce1 f6 21.f4 b6 22.Re3 Rb7
23.Rfe1 Qf7 24.Qd1 Kh8 25.Rf1 Kg8 26.Rfe1 Kh8 27.Rf3 Kg8 28.h3 Kh8 29.Re2 Nd7
30.e5 Nc5 31.exd6 e6 32.Nc3 f5 33.Nb5 Rd8 34.b4 axb4 35.a5 Qg7 36.axb6 Rxb6
37.Re5 Rc6 38.Qd4 Nd7 39.Rb3 Nxe5 40.fxe5 Qb7 41.Rxb4 Qa6 42.c5 Rd7 43.Kh2 Qa2
44.Nc7 Rcxc7 45.dxc7 Rxd4 46.c8=Q+ Kg7 47.Rxd4  1-0

[Event "Bundesliga 2007-8"]
[Site "Werder Bremen GER"]
[Date "2007.12.09"]
[Round "6"]
[White "Fressinet,L"]
[Black "Kolbus,D"]
[Result "1/2-1/2"]
[WhiteElo "2654"]
[BlackElo "2386"]

1.e4 c5 2.Nf3 d6 3.Bb5+ Nd7 4.d4 cxd4 5.Qxd4 a6 6.Bxd7+ Bxd7 7.O-O e5 8.Qd3 h6
9.c4 Nf6 10.Nc3 Be7 11.Rd1 Rc8 12.b3 Rc6 13.a4 O-O 14.Ba3 Re8 15.Qe3 Qb8
16.Rd3 Be6 17.Rad1 Nd7 18.h3 Nc5 19.Bxc5 Rxc5 20.Nd5 Bxd5 21.Rxd5 Rec8 22.Qe2 Rxd5
23.Rxd5 Rc5 24.Qd3 Qc7 25.g3 Rxd5 26.Qxd5 Qc6 27.Qxc6 bxc6 28.c5 Kf8 29.Kf1 Ke8
30.Ke2 Kd7 31.Kd3 Ke6 32.cxd6 Bxd6 33.Kc4 a5 34.Ne1 Kd7 35.Nd3 Kc7 36.f3 h5
37.g4 hxg4 38.hxg4 Kb6 39.b4 axb4 40.Nxb4 Kb7 41.Nc2 Kb6 42.Ne3 g5 43.Nd1 Ba3
44.Nf2 Bf8 45.Nd3 Bd6 46.Nb4 Kb7 47.Kb3 Kb6 48.Nd3 Bc7 49.Kc3 Bb8 50.Kc4 Bd6
51.Nc5 Ka7 52.a5 Ka8 53.Nd3 Kb7 54.Nb4 Kc7 55.Kb3 Be7 56.Nd3 Bd6 57.Nb2 Bc5
58.Nc4 Bd4 59.Kb4 Kd7 60.Kb3 Kc7 61.Kc2 Kd7 62.Kd2 Kc7 63.Kd3 Kd7 64.Kc2 Kc7
65.Kd2 Kd7 66.Kd3 Kc7 67.a6 f6 68.Kc2 Bc5 69.Kb3 Bf2 70.Ka4 Bd4 71.Na5 Bf2
72.Kb3 Bb6 73.Kb4 Bf2 74.Kc4 Be3 75.Nb7 Ba7 76.Nc5 Kd6 77.Nd3 Be3 78.Kb3 Ba7
79.Kb4 Bd4 80.Nc1 Bc5+ 81.Kc4 Ba7 82.Ne2 Bf2 83.Ng3 Ba7 84.Nf5+ Kd7 85.Ng3 Kd6
86.Nf1 Kc7 87.Ng3  1/2-1/2

[Event "15th Salona"]
[Site "Solin CRO"]
[Date "2007.12.11"]
[Round "5"]
[White "Dembo,Y"]
[Black "Pogonina,N"]
[Result "1/2-1/2"]
[WhiteElo "2448"]
[BlackElo "2462"]

1.e4 c5 2.Nf3 d6 3.Bb5+ Bd7 4.Bxd7+ Qxd7 5.O-O Nf6 6.Re1 Nc6 7.c3 e6 8.d4 cxd4
9.cxd4 d5 10.e5 Ne4 11.Nbd2 Nxd2 12.Bxd2 Be7 13.Rc1 O-O 14.Rc3 Rac8 15.a3 Bd8
16.Rd3 Bb6 17.Bc3 a6 18.Qd2 h6 19.Qf4 f6 20.exf6 Rxf6 21.Qg4 Qf7 22.Rde3  1/2-1/2

[Event "ch-Central Serbia"]
[Site "Vrnjacka Banja SRB"]
[Date "2007.12.12"]
[Round "4"]
[White "Savic,Draga"]
[Black "Kojovic,D"]
[Result "1-0"]
[WhiteElo "2229"]
[BlackElo "2413"]

1.e4 c5 2.Nf3 d6 3.Bb5+ Nd7 4.c3 Nf6 5.Qe2 a6 6.Ba4 b5 7.Bc2 Bb7 8.a4 c4
9.axb5 axb5 10.Rxa8 Qxa8 11.Na3 Bxe4 12.Nxb5 Kd8 13.Bxe4 Qxe4 14.Ng5 Qd5
15.Qf3 Ne5 16.Qxd5 Nxd5 17.d4 cxd3 18.f4 h6 19.fxe5 hxg5 20.exd6 exd6 21.Bxg5+ Kd7
22.O-O f6 23.Bc1 Rh5 24.Nd4 Re5 25.Nf3 Re2 26.Rd1 g5 27.Nd4 Re4 28.Kf2 Nb4
29.Be3 Na6 30.b4 Nc7 31.Rxd3 Re8 32.c4 Ra8 33.Nf5 Ke6 34.g4 Ra4 35.Rb3 Kd7
36.h3 Ra2+ 37.Kf3 Rc2 38.b5 Rxc4 39.b6 Na6 40.b7 Nb8 41.Ba7 Kc7 42.Nd4 Be7
43.Nb5+ Kxb7 44.Nxd6+ Kxa7 45.Nxc4 Nc6 46.Ke4 Nb4 47.Ne3 Nc6 48.Kd5 Ne5 49.Ke6 Bd8
50.Nd5 Nc6 51.Ra3+ Kb7 52.Nxf6 Nd4+ 53.Kf7 Kc6 54.Kg6 Kd6 55.Ne4+ Ke5 56.Nxg5 Bb6
57.Nf3+  1-0

[Event "UTD GM Invitational"]
[Site "Richardson USA"]
[Date "2007.12.13"]
[Round "10"]
[White "Ning Chunhong"]
[Black "Robson,R"]
[Result "1/2-1/2"]
[WhiteElo "2354"]
[BlackElo "2368"]

1.e4 c5 2.Nf3 d6 3.Bb5+ Bd7 4.Bxd7+ Qxd7 5.O-O Nf6 6.Re1 e6 7.c4 Be7 8.Nc3 O-O
9.d4 cxd4 10.Nxd4 Nc6 11.b3 a6 12.Bb2 Rfd8 13.Rc1 Nxd4 14.Qxd4 b5 15.h3 Rdc8
16.cxb5 axb5 17.a4 bxa4 18.bxa4 Qb7 19.Ba3 Rc6 20.Rb1 Qa6 21.Rb3 Nd7 22.Qe3 Ne5
23.Bb4 Rac8 24.Reb1 h6 25.Qe2 Nd3 26.Nd5 exd5 27.Rxd3 Rc2 28.Qf3 Rc1+ 29.Rxc1 Rxc1+
30.Kh2 Qxa4 31.Qf4 Bg5 32.Qxd6 dxe4 33.Rc3 Rxc3 34.Bxc3 Qe8 35.Bd4 Kh7 36.g3 h5
37.Qd5 Kg6 38.h4 Bh6 39.Kg2 Qe7 40.Bc5 Qe8 41.Bd4 f5 42.Qc5 Qf7 43.Be3 Bxe3
44.Qxe3 Kh7 45.Qf4 Qg6 46.Qe5 Qg4 47.Kg1 Qd1+ 48.Kg2 Qf3+ 49.Kg1 Qd1+ 50.Kg2 Qd7
51.Kg1 Kg6 52.Kh2 Kf7 53.Kg1 Qe6 54.Qc7+ Kg6 55.Qf4 Qe7 56.Kh2 Qf6 57.Kg1 Kf7
58.Qc7+ Qe7 59.Qc4+ Kf6 60.Qd4+ Kg6 61.Qb6+ Kf7 62.Qb3+ Qe6 63.Qb7+ Kg6 64.Qc7 e3
65.fxe3 Qxe3+ 66.Kg2 Qe2+ 67.Kg1 Qg4 68.Qd6+ Kh7 69.Qd3 Qe4 70.Qd1 Qg4 71.Qd3 Kh6
72.Qd6+ Qg6 73.Qd2+ Kh7 74.Kh2 Qe6 75.Kg1 Qe4 76.Kh2 Qf3 77.Qc2 Qf1 78.Qd2 Qf3
79.Qc2 Kg6 80.Qc5 Qe2+ 81.Kg1 Qe1+ 82.Kh2 Qe4 83.Qd6+ Kh7 84.Qd1 Qg4 85.Qd3 Kh6
86.Qd6+ Qg6 87.Qd2+ Kh7 88.Kg2 Qg4 89.Qd7 Qe4+ 90.Kh2 f4 91.gxf4 Qxf4+ 92.Kh3 Kh6
93.Qe6+ g6 94.Qe7 Qf3+ 95.Kh2 Qf4+ 96.Kh3 Qg4+ 97.Kh2 Qf3 98.Kg1 Qc3 99.Kg2 Qg7
100.Qxg7+ Kxg7 101.Kg3 Kf7 102.Kf3 Ke6 103.Ke4 Kf6 104.Kf4 g5+ 105.hxg5+ Kg6
106.Kf3  1/2-1/2

[Event "ch-RSA"]
[Site "Milnerton RSA"]
[Date "2007.12.15"]
[Round "3"]
[White "Willenberg,K"]
[Black "Kobese,W"]
[Result "0-1"]
[WhiteElo "2183"]
[BlackElo "2389"]

1.e4 c5 2.Nf3 d6 3.Bb5+ Nd7 4.O-O Nf6 5.Re1 a6 6.Bf1 b6 7.c4 Bb7 8.Nc3 e6
9.b3 Be7 10.Bb2 Ne5 11.d3 Nfd7 12.g3 O-O 13.Bg2 Bf6 14.Nxe5 dxe5 15.Qg4 Qc7
16.Rad1 Rad8 17.Ba1 Nb8 18.f4 Nc6 19.Rf1 Nb4 20.f5 Bc8 21.Qe2 Rd6 22.g4 Nc6
23.Qf2 Qd8 24.Qg3 Bh4 25.Qh3 Nb4 26.Rf3 Nc2 27.Bb2 Nd4 28.Rff1 Bg5 29.Bc1 Bh4
30.Kh1 Nc6 31.Rf3 h6 32.Ne2 Qe7 33.Ng3 Nd4 34.Rff1 Bxg3 35.Qxg3 exf5 36.exf5 Ne2
37.Qe3 Nxc1 38.Rxc1 Rfd8 39.Rce1 f6 40.Bd5+ Rxd5 41.cxd5 Rxd5 42.h3 Bb7 43.Kh2 Qd6
44.Rd1 Rd4 45.Qg3 b5 46.h4 c4 47.bxc4 bxc4 48.g5 hxg5 49.hxg5 fxg5 50.Qxg5 e4+
51.Kg1 Qc5 52.Kh2 exd3 53.Rde1 Be4 54.Qg6 Qe5+ 55.Kg1 d2 56.Rxe4 Qxe4 57.Qh5  0-1

[Event "7th Amplico AIG Life"]
[Site "Warsaw POL"]
[Date "2007.12.15"]
[Round "1"]
[White "Rozentalis,E"]
[Black "Wisniowska,K"]
[Result "1-0"]
[WhiteElo "2581"]
[BlackElo "1851"]

1.e4 c5 2.Nf3 d6 3.Bb5+ Bd7 4.Bxd7+ Nxd7 5.O-O Ngf6 6.Qe2 g6 7.c3 Bg7 8.d4 O-O
9.e5 Ne8 10.e6 Ndf6 11.exf7+ Rxf7 12.Ng5 cxd4 13.Qe6  1-0

[Event "7th Amplico AIG Life"]
[Site "Warsaw POL"]
[Date "2007.12.15"]
[Round "8"]
[White "Paszek,K"]
[Black "Zawadzka,J"]
[Result "0-1"]
[WhiteElo "2136"]
[BlackElo "2371"]

1.e4 c5 2.Nf3 d6 3.Bb5+ Bd7 4.a4 Nc6 5.O-O Nf6 6.Re1 e6 7.c3 a6 8.Bf1 Be7
9.d4 cxd4 10.cxd4 d5 11.e5 Ne4 12.Nc3 Nxc3 13.bxc3 Na5 14.Nd2 Rc8 15.Re3 O-O
16.Bd3 g6 17.Bc2 f5 18.exf6 Bxf6 19.Ba3 Rf7 20.Rg3 e5 21.Nf3 e4 22.Ne5 Bxe5
23.dxe5 Be6 24.Bb4 Nc4 25.Qd4 a5 26.Bd6 Rc6 27.Ba3 Qc7 28.Bb3 Qxe5 29.Bxc4 Qxd4
30.cxd4 Rxc4 31.Bc5 Bd7 32.Rb3 Bxa4 33.Rb6 Bc6  0-1

[Event "ch-Marshall CC"]
[Site "New York USA"]
[Date "2007.12.16"]
[Round "8"]
[White "Ehlvest,J"]
[Black "Sarkar,J"]
[Result "1-0"]
[WhiteElo "2601"]
[BlackElo "2413"]

1.e4 c5 2.Nf3 d6 3.Bb5+ Nd7 4.c3 Nf6 5.Qe2 a6 6.Ba4 e5 7.O-O Be7 8.d4 O-O
9.dxe5 dxe5 10.c4 Nb6 11.Bb3 Bg4 12.h3 Bxf3 13.Qxf3 Qc7 14.Nc3 Rad8 15.Qe2 Rfe8
16.Be3 h6 17.a4 Nc8 18.a5 Na7 19.Nd5 Nxd5 20.cxd5 Nb5 21.Ba4 Qxa5 22.Bxb5 Qxb5
23.Qxb5 axb5 24.Ra5 f5 25.exf5 Rxd5 26.Rxb5 e4 27.g4 Rd7 28.Rc1 Bg5 29.Bxg5 hxg5
30.Rc3 Rd2 31.Re3 Red8 32.Rxe4 Rc2 33.Re3 Rdd2 34.Rf3 c4 35.Rxb7 Rxb2 36.Rc7 Rb3
37.Kg2 Rxf3 38.Kxf3 Rd4 39.Ke3 Rd3+ 40.Ke4 Rxh3  1-0

[Event "XX Carlos Torre Magistral"]
[Site "Merida MEX"]
[Date "2007.12.17"]
[Round "4"]
[White "Ibarra Chami,L"]
[Black "Quezada Perez,Y"]
[Result "1/2-1/2"]
[WhiteElo "2416"]
[BlackElo "2546"]

1.e4 c5 2.Nf3 d6 3.Bb5+ Bd7 4.Bxd7+ Qxd7 5.c4 Nf6 6.Nc3 g6 7.d4 cxd4 8.Nxd4 Bg7
9.O-O O-O 10.f3 Rc8 11.b3 d5 12.exd5 Nxd5 13.Nxd5 e6 14.Bh6 exd5 15.Bxg7 Kxg7
16.Nb5 dxc4 17.Nd6 Rd8 18.Nxb7 Qxd1 19.Rfxd1 Rxd1+ 20.Rxd1 cxb3 21.axb3 Nc6
22.Kf2 a5 23.Rd6 Ra7 24.Rxc6 Rxb7 25.Rc5 Rxb3  1/2-1/2

[Event "XX Carlos Torre Magistral"]
[Site "Merida MEX"]
[Date "2007.12.18"]
[Round "5"]
[White "De la Paz Perdomo,F"]
[Black "Duarte Barahona,R"]
[Result "1-0"]
[WhiteElo "2441"]
[BlackElo "2177"]

1.e4 c5 2.Nf3 d6 3.Bb5+ Nc6 4.O-O Bd7 5.Re1 a6 6.Bf1 Bg4 7.c3 Nf6 8.d3 e6
9.Nbd2 Be7 10.h3 Bxf3 11.Nxf3 d5 12.e5 Nd7 13.d4 c4 14.Nh2 b5 15.Qg4 g6 16.Nf3 h5
17.Qf4 Kf8 18.Be2 h4 19.Bd1 Rh5 20.Bc2 Kg7 21.Bd2 Nf8 22.g4 Rh8 23.Qe3 b4
24.Ba4 bxc3 25.bxc3 Na7 26.Reb1 Rb8 27.Ng5 Bxg5 28.Qxg5 Qxg5 29.Bxg5 Nh7
30.Be7 Nb5 31.Bb4 Ng5 32.Kg2 Ne4 33.Bxb5 Rxb5 34.f3 Ng3 35.a4 Rb7 36.Bf8+ Rxf8
37.Rxb7 Ne2 38.Ra2 Nxc3 39.Rc2 Nd1 40.Rc1  1-0

[Event "3rd ch-BIH"]
[Site "Sarajevo BIH"]
[Date "2007.12.18"]
[Round "1"]
[White "Nurkic,S"]
[Black "Jakovljevic,Vlado"]
[Result "0-1"]
[WhiteElo "2415"]
[BlackElo "2461"]

1.e4 c5 2.Nf3 d6 3.Bb5+ Nd7 4.O-O Nf6 5.Re1 a6 6.Bf1 b6 7.d4 cxd4 8.Nxd4 Bb7
9.Nc3 e6 10.g3 Be7 11.Bg2 Qc7 12.a4 O-O 13.g4 Ne5 14.g5 Nfd7 15.f4 Nc6 16.Nf3 Rfe8
17.Be3 Bf8 18.h4 Nc5 19.Bf2 Rad8 20.Nd4 Nxd4 21.Bxd4 e5 22.Be3 exf4 23.Bxf4 g6
24.Qd2 Bg7 25.Rad1 Be5 26.Bxe5 dxe5 27.Nd5 Bxd5 28.exd5 Nxa4 29.c3 Qd6 30.b3 Nc5
31.b4 Ne6 32.Qe2 Nf4 33.Qxa6 Qd7 34.Qxb6 Qg4 35.Rd2 Rxd5 36.Qc6 Red8 37.Rxe5 Rxd2
38.Re8+ Rxe8 39.Qxe8+ Kg7 40.Qe5+ Kg8 41.Qe8+ Kg7 42.Qe5+ Kf8 43.Qb8+ Ke7
44.Qc7+ Ke8  0-1

[Event "4th SICC Masters"]
[Site "Singapore SIN"]
[Date "2007.12.18"]
[Round "3"]
[White "Sandipan,C"]
[Black "Gu Xiaobing"]
[Result "1-0"]
[WhiteElo "2593"]
[BlackElo "2300"]

1.e4 c5 2.Nf3 d6 3.Bb5+ Nc6 4.O-O Bd7 5.Re1 Nf6 6.c3 a6 7.Bf1 Bg4 8.d3 e6
9.Nbd2 d5 10.exd5 Nxd5 11.Qa4 Bh5 12.Ne5 Rc8 13.Ndc4 Qc7 14.Nxc6 Qxc6 15.Qxc6+ Rxc6
16.g4 Bg6 17.f4 Be7 18.f5 exf5 19.Bg2 Re6 20.Rf1 Nxc3 21.gxf5 Ne2+ 22.Kh1 Bxf5
23.Rxf5 b5 24.Na5 Nd4 25.Rf1 O-O 26.Bd2 Rd8 27.Rae1 Bf8 28.Nb7 Rd7 29.Rc1 Re5
30.b4 c4 31.dxc4 Ne2 32.Bf4 Ree7 33.c5 Rxb7 34.Bxb7 Nxf4 35.Rxf4 Rxb7 36.Rd4 Be7
37.c6 Rb8 38.Rd7 Kf8 39.Rb7 Rc8 40.c7 Ke8 41.Re1  1-0

[Event "4th SICC Masters"]
[Site "Singapore SIN"]
[Date "2007.12.18"]
[Round "4"]
[White "Chua Xing Jian,G"]
[Black "Sitanggang,S"]
[Result "0-1"]
[WhiteElo "2065"]
[BlackElo "2410"]

1.e4 c5 2.Nf3 d6 3.Bb5+ Nd7 4.d4 a6 5.Bxd7+ Bxd7 6.O-O cxd4 7.Qxd4 Bc6 8.Re1 h6
9.Nc3 e5 10.Qd3 Nf6 11.Be3 Be7 12.Nh4 g6 13.Nf3 b5 14.a3 Kf8 15.Rad1 Kg7
16.Bc1 Qb6 17.Nd2 a5 18.a4 b4 19.Nb5 Bxb5 20.axb5 Rab8 21.Nc4 Qxb5 22.Nxd6 Bxd6
23.Qxb5 Rxb5 24.Rxd6 Rc8 25.c3 bxc3 26.bxc3 Ne8 27.Rd5 Rxd5 28.exd5 Nd6 29.f4 e4
30.Ba3 Nc4 31.Be7 Nb6 32.d6 Rxc3 33.Rxe4 Rd3 34.Re5 a4 35.Ra5 a3 36.d7 Rxd7
37.Bxa3 Nc4 38.Ra4 Rd1+ 39.Kf2 Rd2+ 40.Kf3 Rc2 41.Bb4 g5 42.fxg5 hxg5 43.Be7 f6
44.Ra6 Ne5+ 45.Ke4 Re2+ 46.Kf5 Rf2+ 47.Ke6 Ng6 48.Bd6 Re2+ 49.Kd5 Nh4 50.g3 Nf5
51.h3 Kg6 52.Bb8 Re8 53.Bc7 Re7 54.Bd6 Re3 55.Ra3 Rxa3 56.Bxa3 Nxg3 57.Kd4 Ne2+
58.Ke3 Nf4 59.h4 Ng2+ 60.Kf2 Nxh4 61.Bc1 Nf5 62.Bd2 Ne7 63.Ke3 f5 64.Kd4 Ng8
65.Ke5 Nh6 66.Bc1 Ng4+ 67.Kd4 f4  0-1

[Event "ch-RSA"]
[Site "Milnerton RSA"]
[Date "2007.12.19"]
[Round "8"]
[White "Gluckman,D"]
[Black "Mosetlhe,K"]
[Result "1/2-1/2"]
[WhiteElo "2306"]
[BlackElo "2144"]

1.e4 c5 2.Nf3 d6 3.Bb5+ Bd7 4.a4 Nf6 5.d3 e6 6.O-O Nc6 7.Re1 Be7 8.e5 Nxe5
9.Nxe5 dxe5 10.Rxe5 Bd6 11.Re1 Qc7 12.Bxd7+ Nxd7 13.h3 O-O 14.Nd2 Rad8 15.Nc4 Nb6
16.Nxd6 Qxd6 17.Qf3 Nd5 18.Bd2 Qc6 19.b3 Ne7 20.Qe4 Rc8  1/2-1/2

[Event "4th SICC Masters"]
[Site "Singapore SIN"]
[Date "2007.12.19"]
[Round "6"]
[White "Girinath,P"]
[Black "Sandipan,C"]
[Result "0-1"]
[WhiteElo "2448"]
[BlackElo "2593"]

1.e4 c5 2.Nf3 d6 3.Bb5+ Bd7 4.Bxd7+ Qxd7 5.O-O Nf6 6.Qe2 e6 7.Rd1 Nc6 8.d4 cxd4
9.Nxd4 Be7 10.c4 Nxd4 11.Rxd4 Qc6 12.Nc3 O-O 13.Bg5 a6 14.Rad1 Rac8 15.e5 dxe5
16.Qxe5 Qc5 17.Qg3 Qf5 18.h4 h6 19.Bc1 e5 20.Nd5 Nxd5 21.Rxd5 Rxc4 22.Rxe5 Qc2
23.Qf3 Bxh4 24.Rde1 Rc6 25.R5e2 Qg6 26.g3 f5 27.Bf4 Kh7 28.Qa3 Rfc8 29.Qb3 Bg5
30.Bxg5 Qxg5 31.Qxb7 f4 32.Qb3 Qg4 33.Qd3+ Rg6 34.Re4 Rf8 35.Rc1 Qh3 36.Qf1 Qf5
37.Rce1 fxg3 38.f4 Qg4 39.Kg2 Qh5 40.Qh1 Qd5 41.Qf1 Qxa2 42.R1e2 Qd5 43.Qf3 Qf5
44.R2e3 Rg4 45.Qe2 Rxf4 46.Rxf4 Qxf4 47.Rxg3 Rf6 48.Qd3+ Qf5  0-1

[Event "Open A"]
[Site "Zadar CRO"]
[Date "2007.12.19"]
[Round "5"]
[White "Kristovic,M"]
[Black "Saric,A"]
[Result "0-1"]
[WhiteElo "2316"]
[BlackElo "2441"]

1.e4 c5 2.Nf3 d6 3.Bb5+ Bd7 4.Bxd7+ Qxd7 5.O-O Nf6 6.Re1 e6 7.c3 Be7 8.d4 cxd4
9.cxd4 d5 10.e5 Ne4 11.Nbd2 Nxd2 12.Bxd2 O-O 13.h4 Nc6 14.Bg5 Rac8 15.Bxe7 Nxe7
16.Qd3 h6 17.g4 Qc7 18.Qa3 a6 19.Re3 Qd7 20.Kg2 Rc2 21.Rc3 Rc8 22.Qb3 R2xc3
23.bxc3 Nc6 24.h5 Qc7 25.Rc1 Na5 26.Qc2 Qe7 27.Qd2 Nc4 28.Qf4 Na3 29.g5 Kh7
30.Kh2 Nb5 31.Rg1 Nxc3 32.gxh6 gxh6 33.Qg3 Qf8 34.Nd2 Kh8 35.Qh4 Nb5 36.a4 Na7
37.Qf6+ Kh7 38.Nb3 Rc7 39.Rg6 Nc6 40.a5 Ne7 41.Rg4 Nf5 42.Nc5 Qe7 43.Qxe7 Nxe7
44.Nb3 Nf5 45.Kg2 Ng7 46.Rh4 Kg8 47.Nd2 Kf8 48.Kf1 Rc3 49.Ke2 Ra3 50.Rh1 Nf5
51.Nf3 Ra2+ 52.Kd3 Rxf2 53.Nd2 Nxd4 54.Rb1 Nc6 55.Rxb7 Nxa5 56.Rb8+ Kg7 57.Ke3 Rf5
58.Kd4 Nc6+  0-1

[Event "Open A"]
[Site "Zadar CRO"]
[Date "2007.12.19"]
[Round "5"]
[White "Mihalj,M"]
[Black "Ascic,P"]
[Result "1-0"]
[WhiteElo "2323"]
[BlackElo "2394"]

1.e4 c5 2.Nf3 d6 3.Bb5+ Bd7 4.Bxd7+ Nxd7 5.O-O Ngf6 6.Re1 e5 7.c3 Be7 8.d4 O-O
9.Bg5 Re8 10.dxe5 dxe5 11.Bxf6 Bxf6 12.a4 Qc7 13.Na3 Be7 14.Nc4 Bf8 15.Qc2 b6
16.Ne3 a6 17.Nd5 Qc6 18.c4 Bd6 19.Qd1 Nf8 20.Nh4 Re6 21.Ra3 Rae8 22.Rg3 Kh8
23.Nf5 Ng6 24.Qh5 Bf8 25.b3 Qb7 26.Rh3 h6 27.Qd1 Nf4 28.Rf3 Qb8 29.h4 g6
30.Nfe3 Kg8 31.Ng4 Bg7 32.Nge3 Rd6 33.g3 Ne6 34.Ng4 Kf8 35.Rd3 Nd4 36.h5 Qd8
37.Kg2 f5 38.Nh2 Qg5 39.Nf3 Qg4 40.Nxd4 exd4 41.exf5 Qxd1 42.Rdxd1 Rxe1 43.Rxe1 gxf5
44.Kf3 Rd8 45.Kf4 b5 46.axb5 axb5 47.Kxf5 bxc4 48.bxc4 Kg8 49.f4 Ra8 50.g4 Rf8+
51.Kg6 Rd8 52.f5 d3 53.f6 Bf8 54.Rd1 Rxd5 55.cxd5 c4 56.f7+ Kh8 57.Re1 d2
58.Re8  1-0

[Event "4th SICC Masters"]
[Site "Singapore SIN"]
[Date "2007.12.20"]
[Round "8"]
[White "Girinath,P"]
[Black "Sitanggang,S"]
[Result "1/2-1/2"]
[WhiteElo "2448"]
[BlackElo "2410"]

1.e4 c5 2.Nf3 d6 3.Bb5+ Nd7 4.d4 cxd4 5.Qxd4 a6 6.Bxd7+ Bxd7 7.c4 Nf6 8.Bg5 Bc6
9.Nc3 e6 10.O-O Be7 11.Rfe1 O-O 12.Rad1 Qa5 13.Qd2 Qb6 14.Nd5 Bxd5 15.cxd5 e5
16.Rc1 Rfc8 17.Bxf6 Bxf6 18.Rc3 h6 19.Rec1 Rxc3 20.Qxc3 Bd8 21.b3 Qb5 22.a4 Qd7
23.Qb4 a5 24.Qd2 Kh7 25.h3 Bb6 26.Qe2 g6 27.Rc4 Qe7 28.g3 Bc5 29.Kg2 Rg8
30.Ne1 b6 31.Nd3 Qg5 32.h4 Qe7 33.h5 Qg5 34.hxg6+ fxg6 35.Nxc5 bxc5 36.Rc3 h5
37.Rf3 Qg4 38.Re3 Qxe2 39.Rxe2 g5 40.Re3 Kg6 41.Rc3 Rb8 42.Kf3 Rb4 43.Ke3 h4
44.Kf3 g4+ 45.Kxg4 Rxe4+ 46.Kf3 Rd4 47.gxh4 Rxh4 48.Ke3 Rd4 49.Rc1 Rxd5  1/2-1/2

[Event "ch-RSA"]
[Site "Milnerton RSA"]
[Date "2007.12.21"]
[Round "10"]
[White "Gluckman,D"]
[Black "Van den Heever,D"]
[Result "1/2-1/2"]
[WhiteElo "2306"]
[BlackElo "2202"]

1.e4 c5 2.Nf3 d6 3.Bb5+ Bd7 4.Bxd7+ Qxd7 5.O-O Nc6 6.d4 cxd4 7.Nxd4 Nf6 8.Nc3 g6
9.Nd5 Bg7 10.Nxc6 bxc6 11.Nxf6+ Bxf6 12.Qd3 O-O 13.Rb1 Bg7 14.b3 f5 15.c4 fxe4
16.Qxe4 d5 17.Qe2 e5 18.Ba3 Rfe8 19.Rbd1 Rad8 20.Bc5 Qf7 21.Rfe1 Rd7 22.f3 Bf6
23.Rd3  1/2-1/2

[Event "Open A"]
[Site "Zadar CRO"]
[Date "2007.12.21"]
[Round "8"]
[White "Orak,L"]
[Black "Badev,K"]
[Result "1-0"]
[WhiteElo "2340"]
[BlackElo "2302"]

1.e4 c5 2.Nf3 d6 3.Bb5+ Bd7 4.Bxd7+ Qxd7 5.O-O Nf6 6.e5 dxe5 7.Nxe5 Qc8 8.d4 e6
9.Bg5 Be7 10.dxc5 Qxc5 11.Qe2 Nc6 12.Nxc6 Qxc6 13.c4 Qe4 14.Be3 O-O 15.Nc3 Qh4
16.Rfd1 Rfd8 17.Rxd8+ Bxd8 18.h3 Ne4 19.Nxe4 Qxe4 20.Rd1 h6 21.Qd3 Qc6 22.Qd7 Qa6
23.Qe8+ Kh7 24.Rxd8  1-0

[Event "XX Carlos Torre Magistral"]
[Site "Merida MEX"]
[Date "2007.12.22"]
[Round "9"]
[White "Hernandez Guerrero,G"]
[Black "Hernandez Carmenates,Hold"]
[Result "1/2-1/2"]
[WhiteElo "2536"]
[BlackElo "2566"]

1.e4 c5 2.Nf3 d6 3.Bb5+ Nc6 4.O-O Bd7 5.Re1 Nf6 6.c3 a6 7.Bf1 Bg4 8.h3 Bh5
9.d3 e6 10.Bf4 Be7 11.Nbd2 O-O 12.a3 b5 13.Be2 d5 14.Ne5 Nxe5 15.Bxe5 Bg6
16.Bf3 Rc8 17.d4 dxe4 18.Nxe4 Nxe4 19.Bxe4 Bxe4 20.Rxe4 Qd5 21.Qe2 Rfd8 22.Re1 Bf8
23.h4 cxd4 24.Bxd4 Rc6 25.Re5 Qc4 26.Qe4 Rcd6 27.Rg5 Rd5 28.Qe3 g6 29.h5 Rxd4
30.cxd4 Qxd4 31.Qxd4 Rxd4 32.hxg6 hxg6 33.Rge5 Bg7 34.R5e2 Rd3 35.Rc1 Rb3
36.Rc8+ Kh7 37.Rc7 Kg8 38.Rc8+ Kh7 39.Rc7 Kg8  1/2-1/2

[Event "57th ch-RUS w"]
[Site "Moscow RUS"]
[Date "2007.12.22"]
[Round "4"]
[White "Stepovaia,T"]
[Black "Pogonina,N"]
[Result "1/2-1/2"]
[WhiteElo "2375"]
[BlackElo "2462"]

1.e4 c5 2.Nf3 d6 3.Bb5+ Bd7 4.Bxd7+ Qxd7 5.c4 Nf6 6.Nc3 g6 7.O-O Bg7 8.d4 cxd4
9.Nxd4 O-O 10.f3 Nc6 11.Nde2 a6 12.a4 Qc7 13.Be3 e6 14.Rb1 Rac8 15.Qd2 Nd7
16.b3 Nc5 17.Rfc1 Nb4 18.h3 Rfd8 19.Kh1 Qe7 20.Bg5 Bf6 21.Bxf6 Qxf6 22.Rf1 Qg7
23.f4 Qh6 24.Nd1 a5 25.Nec3 Rc7 26.Nf2 f5 27.Qe3 Rf7 28.Nb5 b6 29.Rbd1 Qf8
30.exf5 Rxf5 31.Nd4 Rxf4 32.Nxe6 Nxe6 33.Qxe6+ Qf7 34.Qxf7+ Rxf7 35.Ne4 d5
36.Nf6+ Kg7 37.Nxd5 Rxf1+ 38.Rxf1 Nxd5 39.Rd1 Kf6 40.cxd5 Rd6 41.Kg1 Ke5  1/2-1/2

[Event "Harmonie Open A"]
[Site "Groningen NED"]
[Date "2007.12.23"]
[Round "3"]
[White "Hendriks,W"]
[Black "Van Kampen,R"]
[Result "1-0"]
[WhiteElo "2401"]
[BlackElo "2033"]

1.e4 c5 2.Nf3 d6 3.Bb5+ Bd7 4.Bxd7+ Nxd7 5.O-O Ngf6 6.d3 g6 7.Nc3 Bg7 8.Ng5 O-O
9.f4 Rb8 10.Qe1 e6 11.a4 a6 12.Qh4 h6 13.Nf3 Nh7 14.Qh3 f5 15.g4 Qe8 16.Bd2 Qf7
17.Kh1 d5 18.gxf5 gxf5 19.e5 Kh8 20.Rg1 Rg8 21.Nh4 Nhf8 22.Rg2 Kh7 23.Nf3 Kh8
24.Rag1 Nh7 25.Ne2 Rbe8 26.Nh4 Nhf8 27.Ng3 Re7 28.Nf3 Qe8 29.Nh5 Nh7 30.Rg6 Ndf8
31.R6g2 Rf7 32.Be1 Qc6 33.Bh4 Nd7 34.Bf6 Ndxf6 35.exf6 Nxf6 36.Nxg7 Rgxg7
37.Qxh6+ Rh7 38.Qxf6+ Rxf6 39.Rg8+  1-0

[Event "Harmonie Open A"]
[Site "Groningen NED"]
[Date "2007.12.24"]
[Round "4"]
[White "Kuling,L"]
[Black "Kodentsov,G"]
[Result "1/2-1/2"]
[WhiteElo "2200"]
[BlackElo "2307"]

1.e4 c5 2.Nf3 d6 3.Bb5+ Bd7 4.Bxd7+ Qxd7 5.c4 Nc6 6.d4 cxd4 7.Nxd4 g6 8.Nc3 Bg7
9.Nde2 Nf6 10.f3 O-O 11.O-O a6 12.Be3 Qd8 13.Qd2 Qa5 14.a4 Nd7 15.Rab1 Qb4
16.b3 Rfe8 17.Rfd1 Rac8 18.Qc1 Qa5 19.Qd2 Qb4 20.Qc1 Qa5 21.Kh1 Nc5 22.Nd5 Qd8
23.Qa3 e6 24.Ndc3 Qe7 25.Rd2 Ne5 26.Kg1 h6 27.h3 g5 28.Kf2 Bf8 29.Kg1 Kg7
30.Qa2 Nc6 31.Qa3  1/2-1/2

[Event "Harmonie Open A"]
[Site "Groningen NED"]
[Date "2007.12.26"]
[Round "5"]
[White "Hendriks,W"]
[Black "Burg,T"]
[Result "1-0"]
[WhiteElo "2401"]
[BlackElo "2275"]

1.e4 c5 2.Nf3 d6 3.Bb5+ Bd7 4.Bxd7+ Qxd7 5.O-O Nf6 6.Re1 Nc6 7.b3 g6 8.Bb2 Bg7
9.d3 O-O 10.Nbd2 e5 11.Nc4 Rfe8 12.a4 b6 13.Qd2 Rad8 14.Rad1 Qc7 15.Ne3 d5
16.exd5 Nxd5 17.Nxd5 Rxd5 18.Qc3 Qd7 19.Qc4 f5 20.Re2 Nd4 21.Bxd4 cxd4 22.Rde1 Rc8
23.Qb4 Rcc5 24.Qa3 Qd6 25.Qa2 Rc3 26.Nd2 Qc6 27.Nc4 Bf6 28.f4 exf4 29.Re6 Qc7
30.Rxf6 Rxc4 31.bxc4 Re5 32.c5+ Kg7 33.Rf7+ Qxf7 34.Qxf7+ Kh8 35.Qf8+  1-0